[Event "17. Obert Int. Sant Marti 2015"]
[Site "Barcelona ESP"]
[Date "2015.07.21"]
[Round "9.29"]
[White "Capellades Subirana, Marc"]
[Black "Pomini, Aurelien"]
[Result "0-1"]
[WhiteElo "2213"]
[BlackElo "2298"]
[PlyCount "54"]
[EventDate "2015.07.13"]
[EventType "swiss"]
[EventRounds "9"]
[EventCountry "ESP"]
[SourceTitle "Ajedrez en Madrid"]
[Source "lmi"]
[SourceDate "2013.07.13"]
[SourceVersion "1"]
[SourceVersionDate "2019.06.24"]
[SourceQuality "1"]

1. e4 c5 2. Nf3 e6 3. d4 cxd4 4. Nxd4 a6 5. Nc3 b5 6. Be3 Bb7 7. Bd3 d6 8. O-O
Nf6 9. f3 Nbd7 10. Nce2 d5 11. exd5 Nxd5 12. Bf2 Nc5 13. c3 Nxd3 14. Qxd3 Bd6
15. Rad1 O-O 16. Kh1 Qc7 17. Bg3 Rad8 18. Bxd6 Rxd6 19. f4 Rfd8 20. Ng3 R6d7
21. Qd2 Nxf4 22. Rxf4 e5 23. Rg4 exd4 24. Rxg7+ Kxg7 25. Nf5+ Kh8 26. Re1 Rg8
27. Qh6 Qc6 0-1

[Event "17. Obert Int. Sant Marti 2015"]
[Site "Barcelona ESP"]
[Date "2015.07.21"]
[Round "9.30"]
[White "Becerra, Juan David"]
[Black "Garcia Blanco, Omar"]
[Result "1-0"]
[WhiteElo "2178"]
[BlackElo "2292"]
[PlyCount "101"]
[EventDate "2015.07.13"]
[EventType "swiss"]
[EventRounds "9"]
[EventCountry "ESP"]
[SourceTitle "Ajedrez en Madrid"]
[Source "lmi"]
[SourceDate "2013.07.13"]
[SourceVersion "1"]
[SourceVersionDate "2019.06.24"]
[SourceQuality "1"]

1. e4 c5 2. d4 cxd4 3. c3 Nf6 4. e5 Nd5 5. cxd4 e6 6. Nc3 Nxc3 7. bxc3 Qc7 8.
Bd2 b6 9. f4 Bb7 10. Nf3 Ba3 11. Qb3 Bxf3 12. gxf3 Be7 13. f5 Bh4+ 14. Kd1 exf5
15. Bc4 O-O 16. Rg1 Kh8 17. Bxf7 Nc6 18. Bd5 Rac8 19. Qc4 Na5 20. Qxc7 Rxc7 21.
Ke2 Rfc8 22. Kd3 Nc4 23. Bxc4 Rxc4 24. a4 a6 25. Rgb1 Bd8 26. Rb4 Rxb4 27. cxb4
Kg8 28. d5 Kf7 29. Be3 g5 30. Bd4 Kg6 31. Re1 g4 32. e6 dxe6 33. Rxe6+ Kg5 34.
fxg4 Kxg4 35. Re8 b5 36. axb5 axb5 37. Bf6 Bxf6 38. Rxc8 Be7 39. Rc6 Bxb4 40.
d6 h5 41. d7 Be7 42. Re6 Bh4 43. Re8 b4 44. d8=Q Bxd8 45. Rxd8 Kh3 46. Ke2 h4
47. Kf2 Kxh2 48. Rb8 h3 49. Rxb4 Kh1 50. Rb3 Kh2 51. Rf3 1-0

[Event "17. Obert Int. Sant Marti 2015"]
[Site "Barcelona ESP"]
[Date "2015.07.21"]
[Round "9.31"]
[White "Mateus, Alejandro"]
[Black "Busquets, Luis"]
[Result "1-0"]
[WhiteElo "2283"]
[BlackElo "2189"]
[PlyCount "80"]
[EventDate "2015.07.13"]
[EventType "swiss"]
[EventRounds "9"]
[EventCountry "ESP"]
[SourceTitle "Ajedrez en Madrid"]
[Source "lmi"]
[SourceDate "2013.07.13"]
[SourceVersion "1"]
[SourceVersionDate "2019.06.24"]
[SourceQuality "1"]

1. e4 c5 2. Nf3 d6 3. d4 cxd4 4. Nxd4 Nf6 5. Nc3 g6 6. f4 Nc6 7. Be2 Bg7 8. Be3
O-O 9. Qd2 Bd7 10. O-O Nxd4 11. Bxd4 Bc6 12. Bf3 e5 13. Bf2 Bh6 14. Be3 Bxf4
15. Bxf4 exf4 16. Qxf4 Qe7 17. Nd5 Bxd5 18. exd5 Nd7 19. c4 Ne5 20. Kh1 f5 21.
Rad1 g5 22. Qd4 b6 23. Be2 Rae8 24. b4 Ng6 25. Bh5 Qe3 26. Qb2 Re4 27. Bxg6
hxg6 28. Rc1 Qd4 29. Qa3 Rf7 30. Qg3 Rh7 31. Rfd1 Qe5 32. Qxe5 Rxe5 33. Kg1 Rc7
34. Rd4 Kf7 35. Kf2 Kf6 36. h3 Re8 37. Rc2 Re5 38. Kg3 Re8 39. a4 a6 40. Rc3
Rb8 1-0

[Event "17. Obert Int. Sant Marti 2015"]
[Site "Barcelona ESP"]
[Date "2015.07.21"]
[Round "9.32"]
[White "Heinrici, Simon"]
[Black "Kantsler, Boris"]
[Result "0-1"]
[WhiteElo "2046"]
[BlackElo "2415"]
[PlyCount "86"]
[EventDate "2015.07.13"]
[EventType "swiss"]
[EventRounds "9"]
[EventCountry "ESP"]
[SourceTitle "Ajedrez en Madrid"]
[Source "lmi"]
[SourceDate "2013.07.13"]
[SourceVersion "1"]
[SourceVersionDate "2019.06.24"]
[SourceQuality "1"]

1. e4 c5 2. Nf3 e6 3. d4 cxd4 4. Nxd4 a6 5. Bd3 Nf6 6. Be3 e5 7. Nb3 Be7 8. c4
d6 9. f3 O-O 10. Nc3 a5 11. Nd5 Nxd5 12. cxd5 Bg5 13. Qd2 Bxe3 14. Qxe3 a4 15.
Nd2 Nd7 16. b4 axb3 17. Nxb3 Nb6 18. O-O Bd7 19. f4 exf4 20. Qxf4 Qe7 21. Nd4
Ra4 22. Nf5 Bxf5 23. Qxf5 Rd4 24. Rf3 g6 25. Qh3 Nd7 26. Re3 Nc5 27. Bc2 Rd2
28. Rc1 Qf6 29. Bb1 Qd4 30. Rce1 Re8 31. Kh1 f5 32. Qg3 fxe4 33. h4 Qxd5 34.
Qf4 Rf8 35. Qg4 Qf5 36. Qg3 d5 37. Rf3 Qc8 38. Rxf8+ Qxf8 39. Qg5 Qf2 40. Qd8+
Kf7 41. Qc7+ Ke6 42. Qc8+ Ke7 43. Qxc5+ Qxc5 0-1

[Event "17. Obert Int. Sant Marti 2015"]
[Site "Barcelona ESP"]
[Date "2015.07.21"]
[Round "9.33"]
[White "Raja, Harshit"]
[Black "Alarcon Casellas, Rolando"]
[Result "1/2-1/2"]
[WhiteElo "2205"]
[BlackElo "2411"]
[PlyCount "42"]
[EventDate "2015.07.13"]
[EventType "swiss"]
[EventRounds "9"]
[EventCountry "ESP"]
[SourceTitle "Ajedrez en Madrid"]
[Source "lmi"]
[SourceDate "2013.07.13"]
[SourceVersion "1"]
[SourceVersionDate "2019.06.24"]
[SourceQuality "1"]

1. e4 e6 2. d4 d5 3. Nd2 Be7 4. Bd3 dxe4 5. Nxe4 Nf6 6. Nf3 Nbd7 7. O-O Nxe4 8.
Bxe4 Nf6 9. Bd3 c5 10. Be3 cxd4 11. Bxd4 O-O 12. Qe2 Bd7 13. Rad1 Qc8 14. Ng5
h6 15. Bxf6 Bxf6 16. Nh7 Rd8 17. Nxf6+ gxf6 18. Qg4+ Kf8 19. Qb4+ Kg7 20. Qg4+
Kf8 21. Qh4 Kg7 1/2-1/2

[Event "17. Obert Int. Sant Marti 2015"]
[Site "Barcelona ESP"]
[Date "2015.07.21"]
[Round "9.34"]
[White "Valdes Romero, Leonardo"]
[Black "Stoeri, Simon"]
[Result "1-0"]
[WhiteElo "2396"]
[BlackElo "2229"]
[PlyCount "69"]
[EventDate "2015.07.13"]
[EventType "swiss"]
[EventRounds "9"]
[EventCountry "ESP"]
[SourceTitle "Ajedrez en Madrid"]
[Source "lmi"]
[SourceDate "2013.07.13"]
[SourceVersion "1"]
[SourceVersionDate "2019.06.24"]
[SourceQuality "1"]

1. Nf3 Nf6 2. c4 g6 3. g3 Bg7 4. Bg2 O-O 5. Nc3 d6 6. O-O e5 7. d3 Nc6 8. Rb1
a5 9. a3 h6 10. b4 axb4 11. axb4 Nd7 12. Ne1 f5 13. b5 Ne7 14. Bb2 Kh7 15. Nc2
Nc5 16. Nb4 Be6 17. Ncd5 f4 18. d4 exd4 19. Bxd4 Bxd5 20. Nxd5 Nxd5 21. Bxd5
Bxd4 22. Qxd4 Ra2 23. Rb2 Ra3 24. Rc2 b6 25. Rc3 Ra2 26. Qd1 Qe7 27. Rc2 Ra3
28. Qc1 Ra4 29. gxf4 Qh4 30. e3 g5 31. f3 gxf4 32. Rg2 Qf6 33. Qc2+ Kh8 34. Rg6
Qf5 35. Qg2 1-0

[Event "17. Obert Int. Sant Marti 2015"]
[Site "Barcelona ESP"]
[Date "2015.07.21"]
[Round "9.35"]
[White "Mosquera, Miguel"]
[Black "Sanchez Sandoval, Gonzalo"]
[Result "1-0"]
[WhiteElo "2375"]
[BlackElo "2205"]
[PlyCount "127"]
[EventDate "2015.07.13"]
[EventType "swiss"]
[EventRounds "9"]
[EventCountry "ESP"]
[SourceTitle "Ajedrez en Madrid"]
[Source "lmi"]
[SourceDate "2013.07.13"]
[SourceVersion "1"]
[SourceVersionDate "2019.06.24"]
[SourceQuality "1"]

1. e4 c5 2. c3 d5 3. exd5 Qxd5 4. d4 Nc6 5. Nf3 Bf5 6. Be3 Nf6 7. c4 Qd8 8. Nc3
cxd4 9. Nxd4 Nxd4 10. Qxd4 e6 11. Be2 Qxd4 12. Bxd4 Ne4 13. O-O Nxc3 14. Bxc3
Be4 15. Rad1 a5 16. Rfe1 Bb4 17. Bh5 Bg6 18. Bxg6 hxg6 19. Bxg7 Rh7 20. Bc3
Bxc3 21. bxc3 Rc8 22. Re5 Rh4 23. Rxa5 Rhxc4 24. Rb5 R8c7 25. g3 Rxc3 26. h4
Rc1 27. Rxc1 Rxc1+ 28. Kg2 Ra1 29. Rb2 Kf8 30. Kf3 Kg7 31. Ke4 Kf6 32. g4 Re1+
33. Kf3 Ra1 34. Kf4 Rh1 35. g5+ Kg7 36. Kg4 Rg1+ 37. Kf3 Ra1 38. Ke3 Re1+ 39.
Kd3 Rd1+ 40. Kc3 Ra1 41. f4 Rc1+ 42. Kd4 Rd1+ 43. Kc5 Rd5+ 44. Kb6 Rd4 45. Rf2
Rb4+ 46. Kc5 Ra4 47. Kb5 Ra6 48. a4 Rd6 49. Rc2 Rd5+ 50. Rc5 Rd1 51. Kb6 Rd4
52. a5 Rxf4 53. Kxb7 Rb4+ 54. Kc7 Rxh4 55. a6 f6 56. a7 Ra4 57. Kb6 Rxa7 58.
Kxa7 fxg5 59. Rxg5 Kf6 60. Rg1 g5 61. Kb6 Ke5 62. Rxg5+ Kd4 63. Rg4+ Ke3 64.
Kc5 1-0

[Event "17. Obert Int. Sant Marti 2015"]
[Site "Barcelona ESP"]
[Date "2015.07.21"]
[Round "9.36"]
[White "Ramirez Garcia, Jorge Alberto"]
[Black "Mateus, Martha"]
[Result "0-1"]
[WhiteElo "2312"]
[BlackElo "2172"]
[PlyCount "102"]
[EventDate "2015.07.13"]
[EventType "swiss"]
[EventRounds "9"]
[EventCountry "ESP"]
[SourceTitle "Ajedrez en Madrid"]
[Source "lmi"]
[SourceDate "2013.07.13"]
[SourceVersion "1"]
[SourceVersionDate "2019.06.24"]
[SourceQuality "1"]

1. e4 c5 2. c3 d5 3. exd5 Qxd5 4. d4 Nc6 5. Nf3 Bf5 6. Be3 Nf6 7. Na3 cxd4 8.
Bc4 Qd7 9. cxd4 e6 10. Ne5 Bb4+ 11. Ke2 Qe7 12. Nb5 O-O 13. a3 Ba5 14. b4 Bb6
15. Qb3 Rfd8 16. Rhd1 a6 17. Nxc6 bxc6 18. Nc3 e5 19. d5 Bxe3 20. Kxe3 Qa7+ 21.
Ke2 Ng4 22. Rf1 Nxh2 23. Rh1 Ng4 24. Rhf1 Rac8 25. Rac1 cxd5 26. Bxd5 Kf8 27.
b5 axb5 28. Qb4+ Qc5 29. Rfd1 Qxb4 30. axb4 Nf6 31. Bb7 Rxd1 32. Kxd1 Rc7 33.
Ba6 Ne4 34. Nxe4 Rxc1+ 35. Kxc1 Bxe4 36. g3 Bc6 37. Kd2 Ke7 38. Bc8 g6 39. Ke3
f5 40. f4 Kf6 41. Ba6 g5 42. Bc8 h5 43. Ba6 gxf4+ 44. gxf4 h4 45. fxe5+ Kxe5
46. Kf2 Kd4 47. Kg1 Kc4 48. Kh2 Kxb4 49. Kh3 Kc3 50. Kxh4 b4 51. Bc8 Be4 0-1

[Event "17. Obert Int. Sant Marti 2015"]
[Site "Barcelona ESP"]
[Date "2015.07.21"]
[Round "9.37"]
[White "Pogorelov, Ruslan"]
[Black "Molano Lafuente, Ismael"]
[Result "1-0"]
[WhiteElo "2301"]
[BlackElo "2112"]
[PlyCount "95"]
[EventDate "2015.07.13"]
[EventType "swiss"]
[EventRounds "9"]
[EventCountry "ESP"]
[SourceTitle "Ajedrez en Madrid"]
[Source "lmi"]
[SourceDate "2013.07.13"]
[SourceVersion "1"]
[SourceVersionDate "2019.06.24"]
[SourceQuality "1"]

1. Nf3 d5 2. c4 e6 3. d4 f5 4. g3 Nf6 5. Bg2 c6 6. O-O Bd6 7. b3 Qe7 8. Bb2
Nbd7 9. Qc1 O-O 10. Ba3 Ne4 11. Bxd6 Qxd6 12. Nbd2 Ndf6 13. c5 Qe7 14. Ne5 Bd7
15. f3 Nxd2 16. Qxd2 Be8 17. e4 fxe4 18. fxe4 Bg6 19. Nxg6 hxg6 20. Qg5 Rae8
21. e5 Nh7 22. Qxg6 Rxf1+ 23. Rxf1 Rf8 24. h4 Rxf1+ 25. Bxf1 Nf8 26. Qc2 g5 27.
h5 Kg7 28. Be2 Qf7 29. Bg4 Qe8 30. b4 a6 31. Qf2 Qe7 32. a3 Nh7 33. Kf1 Kh6 34.
Ke1 Kg7 35. Kd2 Kh6 36. Kc2 Kg7 37. Kb3 Kh6 38. Ka4 Kg7 39. Bd1 Qc7 40. Bc2 b5+
41. cxb6 Qxb6 42. Bd3 Qb7 43. h6+ Kg8 44. Qe2 Qd7 45. Kb3 a5 46. bxa5 Qa7 47.
Qd2 Kh8 48. Qb4 1-0

[Event "17. Obert Int. Sant Marti 2015"]
[Site "Barcelona ESP"]
[Date "2015.07.21"]
[Round "9.38"]
[White "Piasetski, Leon"]
[Black "Garnier, Teddy"]
[Result "1-0"]
[WhiteElo "2289"]
[BlackElo "2055"]
[PlyCount "47"]
[EventDate "2015.07.13"]
[EventType "swiss"]
[EventRounds "9"]
[EventCountry "ESP"]
[SourceTitle "Ajedrez en Madrid"]
[Source "lmi"]
[SourceDate "2013.07.13"]
[SourceVersion "1"]
[SourceVersionDate "2019.06.24"]
[SourceQuality "1"]

1. c4 e5 2. Nc3 Nf6 3. Nf3 Nc6 4. d3 h6 5. g3 Bc5 6. Bg2 d6 7. Na4 Bb6 8. O-O
O-O 9. Nxb6 axb6 10. b3 Re8 11. Bb2 Bg4 12. h3 Be6 13. e4 Nh7 14. d4 exd4 15.
Nxd4 Bd7 16. Nf5 Bxf5 17. exf5 Qe7 18. Bf3 Ra5 19. Qc2 Qg5 20. g4 Qf4 21. Qc3
Ne5 22. Bxb7 d5 23. Kg2 Ng5 24. f3 1-0

[Event "17. Obert Int. Sant Marti 2015"]
[Site "Barcelona ESP"]
[Date "2015.07.21"]
[Round "9.39"]
[White "Glimbrant, Torbjorn"]
[Black "Fernandez Diaz, Cristian"]
[Result "1-0"]
[WhiteElo "2197"]
[BlackElo "2272"]
[PlyCount "79"]
[EventDate "2015.07.13"]
[EventType "swiss"]
[EventRounds "9"]
[EventCountry "ESP"]
[SourceTitle "Ajedrez en Madrid"]
[Source "lmi"]
[SourceDate "2013.07.13"]
[SourceVersion "1"]
[SourceVersionDate "2019.06.24"]
[SourceQuality "1"]

1. d4 d6 2. Nf3 Nf6 3. c4 g6 4. Nc3 Bg7 5. e4 O-O 6. Be2 e5 7. dxe5 dxe5 8.
Qxd8 Rxd8 9. Bg5 Re8 10. Nd5 Nxd5 11. cxd5 c6 12. dxc6 Nxc6 13. O-O Be6 14. Bb5
Rec8 15. Rfc1 Nd4 16. Nxd4 exd4 17. Bd3 a6 18. Kf1 b5 19. Rxc8+ Rxc8 20. a4 Bc4
21. Ke2 h6 22. Bd2 Re8 23. f3 f5 24. axb5 axb5 25. Rc1 fxe4 26. Bxc4+ bxc4 27.
Rxc4 e3 28. Bb4 Rb8 29. Kd3 h5 30. f4 Re8 31. Rc2 Bf6 32. Bc5 Kf7 33. b4 Ke6
34. b5 Kd5 35. Ba7 Re7 36. b6 Kd6 37. Bb8+ Kd7 38. Rc7+ Kd8 39. Rxe7 Bxe7 40.
b7 1-0

[Event "17. Obert Int. Sant Marti 2015"]
[Site "Barcelona ESP"]
[Date "2015.07.21"]
[Round "9.41"]
[White "Perez Pastora, Evarist"]
[Black "Larsson, Anders"]
[Result "1/2-1/2"]
[WhiteElo "2158"]
[BlackElo "2242"]
[PlyCount "22"]
[EventDate "2015.07.13"]
[EventType "swiss"]
[EventRounds "9"]
[EventCountry "ESP"]
[SourceTitle "Ajedrez en Madrid"]
[Source "lmi"]
[SourceDate "2013.07.13"]
[SourceVersion "1"]
[SourceVersionDate "2019.06.24"]
[SourceQuality "1"]

1. e4 c5 2. Nf3 g6 3. d4 cxd4 4. Nxd4 Bg7 5. Nc3 Nc6 6. Be3 Nf6 7. Bc4 O-O 8.
Bb3 e6 9. O-O d5 10. exd5 exd5 11. Qd2 Na5 1/2-1/2

[Event "17. Obert Int. Sant Marti 2015"]
[Site "Barcelona ESP"]
[Date "2015.07.21"]
[Round "9.42"]
[White "Ivana Maria, Furtado"]
[Black "Aprea, Daniele"]
[Result "1-0"]
[WhiteElo "2236"]
[BlackElo "1923"]
[PlyCount "65"]
[EventDate "2015.07.13"]
[EventType "swiss"]
[EventRounds "9"]
[EventCountry "ESP"]
[SourceTitle "Ajedrez en Madrid"]
[Source "lmi"]
[SourceDate "2013.07.13"]
[SourceVersion "1"]
[SourceVersionDate "2019.06.24"]
[SourceQuality "1"]

1. Nf3 e6 2. c4 f5 3. g3 Nf6 4. Bg2 Be7 5. O-O O-O 6. b3 d6 7. d4 a5 8. Bb2 Ne4
9. Ne1 Nc6 10. f3 Nf6 11. Nd3 Qe8 12. Na3 Bd8 13. e4 fxe4 14. fxe4 e5 15. d5
Ne7 16. c5 Bg4 17. Qd2 Nc8 18. Nc4 Qh5 19. Nxa5 Rxa5 20. Qxa5 Bh3 21. Qd2 Ng4
22. Rxf8+ Kxf8 23. Bxh3 Qxh3 24. Qg2 Qh6 25. Rf1+ Ke8 26. Bc1 Bg5 27. Bxg5 Qxg5
28. Qf3 Qe3+ 29. Qxe3 Nxe3 30. Rc1 Ng4 31. cxd6 Nxd6 32. Rxc7 Kf8 33. Nc5 1-0

[Event "17. Obert Int. Sant Marti 2015"]
[Site "Barcelona ESP"]
[Date "2015.07.21"]
[Round "9.43"]
[White "Meylan, Andre"]
[Black "Marchador Villalba, Jordi"]
[Result "1-0"]
[WhiteElo "2196"]
[BlackElo "2026"]
[PlyCount "93"]
[EventDate "2015.07.13"]
[EventType "swiss"]
[EventRounds "9"]
[EventCountry "ESP"]
[SourceTitle "Ajedrez en Madrid"]
[Source "lmi"]
[SourceDate "2013.07.13"]
[SourceVersion "1"]
[SourceVersionDate "2019.06.24"]
[SourceQuality "1"]

1. e4 Nf6 2. e5 Nd5 3. d4 d6 4. c4 Nb6 5. exd6 exd6 6. Nc3 Be7 7. Bd3 Nc6 8.
Nge2 O-O 9. O-O Bf6 10. Be3 d5 11. c5 Nc4 12. Bxc4 dxc4 13. Qa4 Re8 14. Qxc4
Na5 15. Qa4 b6 16. Rfd1 Bd7 17. Qc2 Bg4 18. b3 g6 19. Rac1 c6 20. Rd2 Bf5 21.
Qd1 bxc5 22. dxc5 Qe7 23. Ng3 Be6 24. Nce4 Bg7 25. Nd6 Red8 26. Nge4 Bd5 27.
Rxd5 cxd5 28. Qxd5 h6 29. b4 Kh7 30. bxa5 f5 31. Nd2 Qf6 32. Nb3 Rab8 33. Bd4
Qg5 34. Qf7 Rg8 35. Be3 Qg4 36. Qc4 Qh5 37. Bd4 Qg5 38. Bxg7 Rxg7 39. c6 Rc7
40. Nb5 Re7 41. c7 Rc8 42. a6 f4 43. Qc5 Re5 44. Qc6 f3 45. g3 Rce8 46. Qxf3
Rf5 47. Qb7 1-0

[Event "17. Obert Int. Sant Marti 2015"]
[Site "Barcelona ESP"]
[Date "2015.07.21"]
[Round "9.44"]
[White "Fernandez Madrid, Carlos"]
[Black "Bernat, Ernest"]
[Result "0-1"]
[WhiteElo "2168"]
[BlackElo "1943"]
[PlyCount "158"]
[EventDate "2015.07.13"]
[EventType "swiss"]
[EventRounds "9"]
[EventCountry "ESP"]
[SourceTitle "Ajedrez en Madrid"]
[Source "lmi"]
[SourceDate "2013.07.13"]
[SourceVersion "1"]
[SourceVersionDate "2019.06.24"]
[SourceQuality "1"]

1. g3 Nf6 2. c4 e6 3. Nf3 d5 4. b3 Be7 5. Bg2 O-O 6. O-O c6 7. Bb2 Nbd7 8. d3
Re8 9. Nbd2 Bf8 10. e4 dxe4 11. dxe4 e5 12. Qc2 Qc7 13. Rad1 a5 14. Ne1 Nc5 15.
Nd3 Bg4 16. Bf3 Nxd3 17. Qxd3 Rad8 18. Qe2 Bh3 19. Rfe1 Bb4 20. a3 Bc5 21. Nf1
Bxf1 22. Rxf1 Qe7 23. Bc3 b6 24. a4 Bd4 25. Bxd4 Rxd4 26. Rxd4 exd4 27. e5 c5
28. Re1 Nd7 29. Be4 Nxe5 30. Qd1 Ng6 31. Re2 Kf8 32. Bd3 Qd8 33. Be4 Qc7 34. h4
h6 35. Qe1 Qd6 36. f4 Ne7 37. Qd2 Nc6 38. Bd5 Rxe2 39. Qxe2 Nb4 40. Qf3 Qe7 41.
Kf2 Nc2 42. Be4 Ne3 43. Bd3 g6 44. h5 Kg7 45. hxg6 fxg6 46. Qc6 Nf5 47. Kg2 Qd6
48. Qb7+ Kf6 49. Qa8 Kg7 50. Qb7+ Ne7 51. Kh2 h5 52. Qe4 Nf5 53. Qb7+ Kf6 54.
Qa8 Kg7 55. Qb7+ Kh6 56. Qc8 Qf6 57. Qe8 Ne3 58. Qe4 h4 59. Qf3 hxg3+ 60. Qxg3
Nf5 61. Qh3+ Kg7 62. Kg1 Qe6 63. Kh2 Qe3 64. Bxf5 Qxf4+ 65. Kh1 Qxf5 66. Qg3
Qf1+ 67. Kh2 Qe2+ 68. Kh1 Qe6 69. Qc7+ Kh6 70. Qh2+ Kg5 71. Qg3+ Qg4 72. Qb8
Qh3+ 73. Kg1 Qe6 74. Qd8+ Kg4 75. b4 axb4 76. a5 bxa5 77. Qxa5 Qe5 78. Qd8 Kg3
79. Kf1 b3 0-1

[Event "17. Obert Int. Sant Marti 2015"]
[Site "Barcelona ESP"]
[Date "2015.07.21"]
[Round "9.45"]
[White "Papathanasiou, Elisavet"]
[Black "Coppola, Federico"]
[Result "1/2-1/2"]
[WhiteElo "1951"]
[BlackElo "2136"]
[PlyCount "123"]
[EventDate "2015.07.13"]
[EventType "swiss"]
[EventRounds "9"]
[EventCountry "ESP"]
[SourceTitle "Ajedrez en Madrid"]
[Source "lmi"]
[SourceDate "2013.07.13"]
[SourceVersion "1"]
[SourceVersionDate "2019.06.24"]
[SourceQuality "1"]

1. d4 Nf6 2. c4 g6 3. Nc3 d5 4. cxd5 Nxd5 5. e4 Nxc3 6. bxc3 Bg7 7. Qa4+ c6 8.
Nf3 O-O 9. Bg5 b5 10. Qa3 Re8 11. Be2 Nd7 12. O-O Nb6 13. Rfd1 a6 14. Rab1 Be6
15. Nd2 Qd6 16. Qb2 c5 17. e5 Qc7 18. Ne4 Na4 19. Qd2 Rad8 20. Bf4 Qa7 21. a3
Rd7 22. Qe3 cxd4 23. cxd4 Red8 24. Nc5 Nxc5 25. dxc5 Bd5 26. Rdc1 Qb7 27. f3
Qc6 28. a4 Rb7 29. axb5 axb5 30. Rb4 Be6 31. Bh6 Bxh6 32. Qxh6 Bc4 33. Qe3 Bxe2
34. Qxe2 Rd5 35. Qe4 Rc7 36. Qh4 Rc8 37. Rd4 Qd7 38. Rxd5 Qxd5 39. c6 Qxe5 40.
Qf2 Qd5 41. Qb6 Qd2 42. Qc5 b4 43. Rb1 b3 44. Qb6 b2 45. Qxb2 Qxb2 46. Rxb2
Rxc6 47. Kf2 h5 48. Kg3 Kg7 49. Kf4 Kf6 50. Re2 Rc5 51. Rb2 Re5 52. Rc2 Re1 53.
Rb2 Rh1 54. Kg3 g5 55. Rb5 e5 56. Rb6+ Kf5 57. Kh3 g4+ 58. fxg4+ hxg4+ 59. Kg3
Rf1 60. Rb7 Kg5 61. Re7 Rf5 62. Re8 1/2-1/2

[Event "17. Obert Int. Sant Marti 2015"]
[Site "Barcelona ESP"]
[Date "2015.07.21"]
[Round "9.46"]
[White "Leriche, Luc"]
[Black "Jocher, Georg"]
[Result "1-0"]
[WhiteElo "2132"]
[BlackElo "1931"]
[PlyCount "79"]
[EventDate "2015.07.13"]
[EventType "swiss"]
[EventRounds "9"]
[EventCountry "ESP"]
[SourceTitle "Ajedrez en Madrid"]
[Source "lmi"]
[SourceDate "2013.07.13"]
[SourceVersion "1"]
[SourceVersionDate "2019.06.24"]
[SourceQuality "1"]

1. e4 c5 2. Nf3 d6 3. Bb5+ Bd7 4. Bxd7+ Nxd7 5. O-O Ngf6 6. Qe2 e6 7. d4 cxd4
8. Nxd4 Be7 9. c4 O-O 10. b3 Rc8 11. Bb2 a6 12. Nc3 Qa5 13. Rac1 Rfd8 14. Rfd1
Ne5 15. f4 Nc6 16. Nxc6 Rxc6 17. Kh1 Rdc8 18. a4 Qb4 19. Rd3 Bf8 20. Rg3 Ne8
21. Na2 Qa5 22. Bc3 Qb6 23. Nb4 R6c7 24. a5 Qa7 25. f5 d5 26. exd5 Bxb4 27.
Bxb4 exd5 28. Re1 Nf6 29. Qe5 Qf2 30. cxd5 h6 31. Rf3 Qh4 32. d6 Nd7 33. Qe7
Qxb4 34. dxc7 Qxe7 35. Rxe7 Rxc7 36. Rfe3 f6 37. Kg1 Rc1+ 38. Re1 Rxe1+ 39.
Rxe1 Ne5 40. Re3 1-0

[Event "17. Obert Int. Sant Marti 2015"]
[Site "Barcelona ESP"]
[Date "2015.07.21"]
[Round "9.47"]
[White "Magallanes, Gustavo"]
[Black "Vazquez Moreno, Josep M"]
[Result "1-0"]
[WhiteElo "1908"]
[BlackElo "2104"]
[PlyCount "97"]
[EventDate "2015.07.13"]
[EventType "swiss"]
[EventRounds "9"]
[EventCountry "ESP"]
[SourceTitle "Ajedrez en Madrid"]
[Source "lmi"]
[SourceDate "2013.07.13"]
[SourceVersion "1"]
[SourceVersionDate "2019.06.24"]
[SourceQuality "1"]

1. e4 c5 2. Nf3 d6 3. c3 Nf6 4. Bc4 e6 5. Qe2 Nc6 6. O-O Be7 7. d4 cxd4 8. cxd4
d5 9. exd5 Nxd5 10. Nc3 O-O 11. Rd1 a6 12. a3 b5 13. Bd3 Nxc3 14. bxc3 Bb7 15.
Qe4 g6 16. Bh6 Re8 17. h4 Na5 18. Qf4 Bxf3 19. Qxf3 Bxh4 20. g3 Bg5 21. Bxg5
Qxg5 22. a4 b4 23. cxb4 Nb3 24. Bxg6 hxg6 25. Qxb3 Red8 26. b5 axb5 27. axb5
Rab8 28. b6 Qd5 29. Qb4 Qd6 30. Rab1 Rb7 31. Qc5 Qd5 32. Rdc1 Qe4 33. Rb4 Rbb8
34. Qc7 Kg7 35. b7 Rh8 36. Qe5+ Qxe5 37. dxe5 Rhd8 38. Rc7 Rf8 39. Rd4 Kg8 40.
Rdd7 Kg7 41. Kg2 g5 42. Kf3 Kg6 43. g4 Kg7 44. Ke4 Kg6 45. Kd4 Kg7 46. Kc5 Kg6
47. Kb6 Kg7 48. Re7 Kg6 49. Ka7 1-0

[Event "17. Obert Int. Sant Marti 2015"]
[Site "Barcelona ESP"]
[Date "2015.07.21"]
[Round "9.48"]
[White "Niklesh, Kumar Jain"]
[Black "Petrone, Gianmario"]
[Result "1/2-1/2"]
[WhiteElo "1904"]
[BlackElo "2102"]
[PlyCount "89"]
[EventDate "2015.07.13"]
[EventType "swiss"]
[EventRounds "9"]
[EventCountry "ESP"]
[SourceTitle "Ajedrez en Madrid"]
[Source "lmi"]
[SourceDate "2013.07.13"]
[SourceVersion "1"]
[SourceVersionDate "2019.06.24"]
[SourceQuality "1"]

1. e4 c5 2. Nf3 d6 3. Bb5+ Bd7 4. Bxd7+ Qxd7 5. c4 Nc6 6. Nc3 Nf6 7. d4 cxd4 8.
Nxd4 g6 9. f3 Bg7 10. Nde2 O-O 11. O-O a6 12. a4 Rac8 13. Bg5 e6 14. Rb1 Nb4
15. b3 h6 16. Bh4 g5 17. Bf2 d5 18. cxd5 exd5 19. Bd4 Rfe8 20. Ng3 dxe4 21.
Bxf6 Qxd1 22. Rfxd1 Bxf6 23. Ncxe4 Be5 24. Nf5 Re6 25. Rd7 Rc7 26. Rbd1 b5 27.
axb5 axb5 28. h3 Kh7 29. Kf1 Kg6 30. g4 Ra6 31. h4 gxh4 32. Nxh4+ Kg7 33. Nf5+
Kg6 34. Rxc7 Bxc7 35. Nc3 Rb6 36. Nd4 Be5 37. Ncxb5 Nd5 38. Kf2 h5 39. Nc6 Rxb5
40. Nxe5+ Kf6 41. Nc4 hxg4 42. fxg4 Kg5 43. Rd4 Nf4 44. Kf3 Rxb3+ 45. Ne3
1/2-1/2